[Event "EU Small Countries ol 8th"]
[Site "St Helier"]
[Date "2023.11.03"]
[Round "8.3"]
[White "Apol, Luitjen Akselsson"]
[Black "Forbes, Garry"]
[Result "1-0"]
[WhiteElo "2152"]
[BlackElo "1834"]
[PlyCount "95"]
[EventDate "2023.10.29"]
[EventType "team-tourn"]
[EventRounds "9"]
[EventCountry "GCI"]
[SourceTitle "Mega2024 Update 01"]
[Source "Chessbase"]
[SourceDate "2023.11.12"]
[SourceVersion "1"]
[SourceVersionDate "2023.11.12"]
[SourceQuality "1"]
[WhiteTeam "Faroe Islands"]
[BlackTeam "Jersey"]
[WhiteTeamCountry "FAI"]
[BlackTeamCountry "GCI"]

1. e4 g6 2. d4 Bg7 3. Nf3 d6 4. Bc4 e6 5. Bb3 Ne7 6. 0-0 b6 7. a4 a6 8. Qe2 h6 9. Rd1 Nd7 10. Nbd2 Bb7 11. h3 Qb8 12. c3 Qa7 13. Bc2 Rd8 14. Nf1 Qa8 15. Ng3 Nf6 16. Re1 Nd7 17. b3 Qb8 18. Ba3 c5 19. Bd3 Qa8 20. Rac1 0-0 21. h4 e5 22. h5 g5 23. Bb2 Rc8 24. Rcd1 Rcd8 25. dxe5 Nxe5 26. Nxe5 dxe5 27. Bc4 Qc8 28. Rxd8 Rxd8 29. Qf3 Rf8 30. Rd1 Qc6 31. Qd3 Kh8 32. Qd7 Ng8 33. Qxc6 Bxc6 34. Rd6 b5 35. Bxf7 Rxf7 36. Rxc6 bxa4 37. bxa4 Rb7 38. Bc1 Rb1 39. Ne2 Nf6 40. Kh2 Nxe4 41. Be3 Kg8 42. Rxa6 Rb3 43. Ng3 Nxc3 44. Bxc5 Rb7 45. a5 Nd5 46. Ra8+ Kh7 47. Rc8 Rb5 48. Bb6 1-0

[Event "Guernsey op 46th"]
[Site "St James"]
[Date "2022.10.18"]
[Round "3"]
[White "Collins, Alan"]
[Black "Forbes, Garry"]
[Result "0-1"]
[WhiteElo "1606"]
[BlackElo "1859"]
[PlyCount "66"]
[EventDate "2022.10.16"]
[EventType "swiss"]
[EventRounds "7"]
[EventCountry "GCI"]
[SourceTitle "EXT 2024"]
[Source "ChessBase"]
[SourceDate "2023.10.10"]
[SourceVersion "1"]
[SourceVersionDate "2023.10.10"]
[SourceQuality "1"]

1. f4 d5 2. Nf3 Bg4 3. e3 Nd7 4. Be2 Ngf6 5. h3 Bxf3 6. Bxf3 e5 7. 0-0 c6 8. d4 e4 9. Be2 Bd6 10. c4 0-0 11. Nc3 dxc4 12. Bxc4 b5 13. Bb3 b4 14. Na4 c5 15. Qe2 a5 16. dxc5 Nxc5 17. Nxc5 Bxc5 18. Bd2 Qe7 19. Rfc1 Qa7 20. Kf2 Rfd8 21. Rc4 Rd6 22. Rac1 Rad8 23. Be1 Bb6 24. Rc8 g6 25. Rxd8+ Rxd8 26. Rd1 Rxd1 27. Bxd1 Nd5 28. Qc4 Nxe3 29. Qc8+ Kg7 30. Ba4 Nc2+ 31. Kf1 Nxe1 32. Kxe1 Bf2+ 33. Kf1 Qe3 0-1

[Event "Olympiad-44"]
[Site "Chennai"]
[Date "2022.08.09"]
[Round "11.4"]
[White "Pleasants, Allan J"]
[Black "Forbes, Garry"]
[Result "1-0"]
[WhiteElo "2024"]
[BlackElo "1908"]
[PlyCount "61"]
[EventDate "2022.07.29"]
[EventType "team-swiss"]
[EventRounds "11"]
[EventCountry "IND"]
[SourceTitle "CBM 210"]
[Source "ChessBase"]
[SourceDate "2022.10.31"]
[SourceVersion "1"]
[SourceVersionDate "2022.10.31"]
[SourceQuality "1"]
[WhiteTeam "Wales"]
[BlackTeam "Jersey"]
[WhiteTeamCountry "WLS"]
[BlackTeamCountry "GCI"]

1. d4 g6 2. Nf3 Bg7 3. g3 Nf6 4. Bg2 0-0 5. c4 c6 6. Nc3 d5 7. cxd5 cxd5 8. Ne5 Nc6 9. 0-0 e6 10. Bg5 Qb6 11. Na4 Qd8 12. Rc1 Qe8 13. Nxc6 bxc6 14. Bxf6 Bxf6 15. f4 Bd7 16. Nc5 Bd8 17. Qc2 Rc8 18. e4 Bb6 19. Rfe1 Qd8 20. e5 Qe7 21. Bf1 Rc7 22. Bd3 Bxc5 23. dxc5 f6 24. exf6 Qxf6 25. Re5 Rb8 26. b3 Rcc8 27. Qd2 Qd8 28. Rce1 Qc7 29. f5 exf5 30. Re7 f4 31. Qc3 1-0

[Event "London Chess Classic: Blitz D"]
[Site "London"]
[Date "2019.12.08"]
[Round "4"]
[White "Sentissi, Yassine"]
[Black "Forbes, Garry"]
[Result "1-0"]
[WhiteElo "1715"]
[BlackElo "2016"]
[PlyCount "43"]
[EventDate "2019.12.08"]
[EventType "swiss (blitz)"]
[EventRounds "11"]
[EventCountry "ENG"]
[SourceTitle "EXT 2021"]
[Source "ChessBase"]
[SourceDate "2020.10.23"]
[SourceVersion "1"]
[SourceVersionDate "2020.10.23"]
[SourceQuality "1"]

1. e4 d5 2. exd5 Nf6 3. d4 Nxd5 4. c4 Nf6 5. Nf3 Bg4 6. h3 Bh5 7. Be2 e6 8. 0-0 Nc6 9. Nc3 Be7 10. d5 exd5 11. cxd5 Nb4 12. Qa4+ Qd7 13. Bb5 c6 14. dxc6 Nxc6 15. Ne5 Nxe5 16. Bxd7+ Nexd7 17. Re1 Kf8 18. Be3 Bd6 19. g4 Bg6 20. Rad1 Nb6 21. Bxb6 axb6 22. Qxa8+ 1-0

[Event "Jersey op"]
[Site "St Clement Bay"]
[Date "2017.04.01"]
[Round "1"]
[White "Forbes, Garry"]
[Black "Waddington, Mike P"]
[Result "0-1"]
[WhiteElo "1898"]
[BlackElo "2061"]
[PlyCount "143"]
[EventDate "2017.04.01"]
[EventType "swiss"]
[EventRounds "9"]
[EventCountry "GCI"]
[SourceTitle "CBM 177 Extra"]
[Source "ChessBase"]
[SourceDate "2017.04.27"]
[SourceVersion "1"]
[SourceVersionDate "2017.04.27"]
[SourceQuality "1"]

1. d4 f5 2. Nf3 Nf6 3. g3 g6 4. Bg2 Bg7 5. 0-0 0-0 6. c4 d6 7. Nc3 c6 8. Qc2 Qc7 9. Bf4 Nh5 10. Bd2 e5 11. e3 e4 12. Ne1 Na6 13. a3 Be6 14. Ne2 Qf7 15. Rc1 Rac8 16. f3 exf3 17. Nxf3 Qe8 18. Nf4 Nxf4 19. exf4 Kh8 20. Rfe1 Qd7 21. Qd3 Bg8 22. a4 Rce8 23. b4 Nc7 24. b5 Rxe1+ 25. Bxe1 Re8 26. Ba5 Re4 27. Bc3 Qe7 28. Re1 Qe6 29. Bf1 h6 30. Kf2 Kh7 31. Qd2 Ne8 32. Bd3 Nf6 33. Re2 Ng4+ 34. Kg2 Rxe2+ 35. Qxe2 Qxe2+ 36. Bxe2 Ne3+ 37. Kf2 Nxc4 38. Bb4 cxb5 39. axb5 Bf8 40. Nh4 Bd5 41. Bd3 Kg7 42. Ke1 Be7 43. Ke2 Bd8 44. Nf3 Bb6 45. Bc3 Kf6 46. Nd2 Nxd2 47. Kxd2 g5 48. Ke3 Ke6 49. fxg5 hxg5 50. h4 gxh4 51. gxh4 Bd8 52. h5 Bg5+ 53. Kf2 Be4 54. Bc4+ d5 55. Be2 f4 56. Bg4+ Kf6 57. Bc8 Bh4+ 58. Ke2 f3+ 59. Ke3 f2 60. Bh3 Kg5 61. Bb4 Kxh5 62. Bf1 Kg4 63. Bd6 Kf5 64. Bh3+ Kf6 65. Bc7 Ke7 66. Ke2 a6 67. bxa6 bxa6 68. Ba5 Kd6 69. Bd2 Kc6 70. Be3 a5 71. Bxf2 Bxf2 72. Kxf2 0-1

[Event "Olympiad-42"]
[Site "Baku"]
[Date "2016.09.05"]
[Round "4.2"]
[White "Almedina Ortiz, Edgardo J"]
[Black "Forbes, Garry"]
[Result "1-0"]
[WhiteElo "2215"]
[BlackElo "1911"]
[PlyCount "59"]
[EventDate "2016.09.02"]
[EventType "team-swiss"]
[EventRounds "11"]
[EventCountry "AZE"]
[SourceTitle "CBM 175"]
[Source "ChessBase"]
[SourceDate "2016.11.10"]
[SourceVersion "1"]
[SourceVersionDate "2016.11.10"]
[SourceQuality "1"]
[WhiteTeam "Puerto Rico"]
[BlackTeam "Jersey"]
[WhiteTeamCountry "PUR"]
[BlackTeamCountry "GCI"]

1. e4 g6 2. d4 Bg7 3. Nc3 d6 4. f4 Nf6 5. Nf3 c5 6. Bb5+ Bd7 7. e5 Ng4 8. Bxd7+ Qxd7 9. h3 cxd4 10. Qxd4 Nh6 11. Qf2 Nc6 12. Bd2 dxe5 13. fxe5 0-0-0 14. 0-0-0 Qe6 15. Rhe1 f6 16. Qc5 Kb8 17. Bf4 Rxd1+ 18. Nxd1 Ka8 19. Nc3 Rd8 20. Kb1 fxe5 21. Nxe5 Nxe5 22. Bxe5 Bxe5 23. Rxe5 Qd6 24. Rd5 Qb8 25. Qxe7 Re8 26. Qxh7 Nf5 27. a3 Ne3 28. Rd7 Nxg2 29. Nb5 Qc8 30. Nc7+ 1-0

[Event "EU Small Countries ol 4th"]
[Site "Saint Peter Port"]
[Date "2015.04.21"]
[Round "4.5"]
[White "Forbes, Garry"]
[Black "Mateu Guiu, Esteve"]
[Result "0-1"]
[WhiteElo "1921"]
[BlackElo "2034"]
[PlyCount "64"]
[EventDate "2015.04.19"]
[EventType "team-tourn"]
[EventRounds "9"]
[EventCountry "GCI"]
[SourceTitle "CBM 166 Extra"]
[Source "ChessBase"]
[SourceDate "2015.06.18"]
[SourceVersion "1"]
[SourceVersionDate "2015.06.18"]
[SourceQuality "1"]
[WhiteTeam "Jersey"]
[BlackTeam "Andorra"]
[WhiteTeamCountry "GCI"]
[BlackTeamCountry "AND"]

1. d4 Nf6 2. Nf3 g6 3. Nc3 d5 4. Bf4 Bg7 5. Qd2 c6 6. e3 Nbd7 7. h3 0-0 8. Be2 Re8 9. Ne5 Nxe5 10. Bxe5 Bh6 11. 0-0 Nd7 12. Bf4 Bg7 13. Rfe1 e5 14. dxe5 Nxe5 15. Rad1 Qa5 16. a3 Be6 17. Qc1 Rad8 18. Nb1 Qc5 19. Nd2 Bf5 20. Bxe5 Bxe5 21. c3 Bc7 22. Nf1 Qe7 23. g4 Be6 24. f4 Qh4 25. Kg2 h5 26. Nh2 hxg4 27. Bxg4 Bxg4 28. hxg4 Re4 29. g5 Kg7 30. Nf3 Qg4+ 31. Kf2 Bb6 32. Re2 Rxf4 0-1

[Event "EU Small Countries ol 4th"]
[Site "Saint Peter Port"]
[Date "2015.04.20"]
[Round "2.4"]
[White "Forbes, Garry"]
[Black "Andreasen, Joan Hendrik"]
[Result "0-1"]
[WhiteElo "1921"]
[BlackElo "2229"]
[PlyCount "77"]
[EventDate "2015.04.19"]
[EventType "team-tourn"]
[EventRounds "9"]
[EventCountry "GCI"]
[SourceTitle "CBM 166 Extra"]
[Source "ChessBase"]
[SourceDate "2015.06.18"]
[SourceVersion "1"]
[SourceVersionDate "2015.06.18"]
[SourceQuality "1"]
[WhiteTeam "Jersey"]
[BlackTeam "Faroe Islands"]
[WhiteTeamCountry "GCI"]
[BlackTeamCountry "FAI"]

1. d4 Nf6 2. c4 g6 3. Nc3 d5 4. cxd5 Nxd5 5. Bd2 Nb6 6. e4 Qxd4 7. Nf3 Qd8 8. Be2 Bg7 9. 0-0 0-0 10. Qc2 N8d7 11. Rad1 c6 12. Be3 Qe8 13. a4 Nf6 14. h3 Be6 15. b3 h6 16. a5 Nc8 17. Rd2 Nh7 18. Rfd1 Nd6 19. Nd4 Bc8 20. f4 Kh8 21. e5 Nf5 22. Bf2 Nxd4 23. Rxd4 Bf5 24. Bd3 Be6 25. Be4 f5 26. exf6 Rxf6 27. g3 Bxh3 28. Kh2 Be6 29. R4d2 Bg4 30. Re1 Re6 31. Na4 g5 32. fxg5 Qh5+ 33. Kg1 Nxg5 34. Bg2 Nf3+ 35. Kf1 Nh2+ 36. Kg1 Nf3+ 37. Kf1 Qb5+ 38. Ree2 Nxd2+ 39. Ke1 0-1

[Event "EU Small Countries ol 4th"]
[Site "Saint Peter Port"]
[Date "2015.04.19"]
[Round "1.3"]
[White "Maccapani, Massimiliano"]
[Black "Forbes, Garry"]
[Result "1/2-1/2"]
[WhiteElo "2010"]
[BlackElo "1921"]
[PlyCount "40"]
[EventDate "2015.04.19"]
[EventType "team-tourn"]
[EventRounds "9"]
[EventCountry "GCI"]
[SourceTitle "CBM 166 Extra"]
[Source "ChessBase"]
[SourceDate "2015.06.18"]
[SourceVersion "1"]
[SourceVersionDate "2015.06.18"]
[SourceQuality "1"]
[WhiteTeam "San Marino"]
[BlackTeam "Jersey"]
[WhiteTeamCountry "SMR"]
[BlackTeamCountry "GCI"]

1. b3 d5 2. Bb2 c5 3. Nf3 Bg4 4. Ne5 Bf5 5. e3 Nf6 6. f4 h5 7. d3 Nbd7 8. Be2 g6 9. Nxd7 Qxd7 10. Qd2 Bg7 11. c4 e6 12. Na3 0-0 13. 0-0 a5 14. Rac1 b6 15. Nb5 Rfd8 16. Rfd1 Qe7 17. Be5 Ne8 18. Bxg7 Kxg7 19. Qb2+ Qf6 20. Qxf6+ Nxf6 1/2-1/2

[Event "Olympiad-41"]
[Site "Tromsoe"]
[Date "2014.08.10"]
[Round "8.4"]
[White "Deras Flores, Rodolfo"]
[Black "Forbes, Garry"]
[Result "1/2-1/2"]
[WhiteElo "1904"]
[BlackElo "1917"]
[PlyCount "136"]
[EventDate "2014.08.02"]
[EventType "team-swiss"]
[EventRounds "11"]
[EventCountry "NOR"]
[SourceTitle "CBM 162"]
[Source "ChessBase"]
[SourceDate "2014.09.17"]
[SourceVersion "1"]
[SourceVersionDate "2014.09.17"]
[SourceQuality "1"]
[WhiteTeam "Honduras"]
[BlackTeam "Jersey"]
[WhiteTeamCountry "HON"]
[BlackTeamCountry "GCI"]

1. c4 g6 2. e4 Bg7 3. d4 d6 4. Nc3 Nf6 5. f3 0-0 6. Be3 Nc6 7. Qd2 e5 8. d5 Nd4 9. Nge2 Nxe2 10. Bxe2 a6 11. Bh6 Nxe4 12. Nxe4 Qh4+ 13. g3 Qxh6 14. h4 Qxd2+ 15. Nxd2 f5 16. h5 Bd7 17. 0-0-0 Bh6 18. f4 Bg7 19. hxg6 hxg6 20. Nf3 e4 21. Ng5 Bf6 22. Rh7 Bxg5 23. Rxd7 Bd8 24. Rh1 Rf7 25. Rh8+ Kxh8 26. Rxf7 Kg8 27. Rd7 Rc8 28. Kd2 Bf6 29. b3 Kf8 30. g4 Re8 31. gxf5 gxf5 32. Bh5 Re7 33. Rxe7 Kxe7 34. Bg6 b6 35. Ke3 Bb2 36. Bxf5 a5 37. Kxe4 Kf6 38. Bd7 Ba3 39. Kf3 Bb2 40. Kg4 Bc1 41. Kf3 Bb2 42. Ke2 Bc1 43. f5 Bb2 44. Kd3 Bc1 45. Kc2 Ba3 46. Be6 Ke5 47. Kc3 Kf6 48. Bc8 Ke5 49. Be6 Kf6 50. Bd7 Ke5 51. Bc8 Kf6 52. Be6 Ke5 53. b4 axb4+ 54. Kc2 Kf6 55. Kb3 Ke7 56. Ka4 Bb2 57. Kxb4 Kd8 58. Kb5 Bd4 59. Kb4 Be5 60. a4 Bd4 61. a5 bxa5+ 62. Kxa5 Be5 63. Kb5 Bd4 64. Kb4 Be5 65. Kb5 Bd4 66. Kc6 Be5 67. Bf7 Bd4 68. Bh5 Be5 1/2-1/2

[Event "EU Small Countries ol 3rd"]
[Site "Monte Carlo"]
[Date "2013.11.25"]
[Round "1"]
[White "Forbes, Garry"]
[Black "Klerides, Paris"]
[Result "0-1"]
[WhiteElo "1937"]
[BlackElo "2173"]
[PlyCount "154"]
[EventDate "2013.11.25"]
[EventType "team-tourn"]
[EventRounds "9"]
[EventCountry "MNC"]
[SourceTitle "CBM 157 Extra"]
[Source "ChessBase"]
[SourceDate "2013.12.19"]
[SourceVersion "1"]
[SourceVersionDate "2013.12.19"]
[SourceQuality "1"]
[WhiteTeam "Jersey"]
[BlackTeam "Cyprus"]
[WhiteTeamCountry "GCI"]
[BlackTeamCountry "CYP"]

1. d4 e6 2. Nf3 Nf6 3. e3 c5 4. Bd3 b6 5. 0-0 Bb7 6. Nbd2 cxd4 7. exd4 Be7 8. Re1 d6 9. Ne4 Nbd7 10. Bf4 Qc7 11. h3 Nd5 12. Bd2 a6 13. a4 h6 14. c3 N5f6 15. Bf4 Nxe4 16. Bxe4 Bxe4 17. Rxe4 Nf6 18. Re1 0-0 19. Qe2 Rfc8 20. Nd2 Qc6 21. Ne4 b5 22. Nxf6+ Bxf6 23. axb5 axb5 24. Qg4 Rxa1 25. Rxa1 Kh7 26. Qg3 Be7 27. Ra7 Re8 28. Ra5 Kh8 29. Qd3 Qc4 30. Qxc4 bxc4 31. Kf1 Rb8 32. Ra2 g5 33. Be3 f5 34. g4 Kg7 35. Ke2 Kg6 36. Bc1 Rb7 37. Ra4 Rc7 38. Ra6 h5 39. f3 Rc8 40. Ra7 Bf6 41. Ra6 Be7 42. Ra7 Bf8 43. Ra6 hxg4 44. hxg4 Kf6 45. Ra7 Rb8 46. Kd1 fxg4 47. fxg4 d5 48. Ra6 Be7 49. Ke2 Rh8 50. Be3 Rh2+ 51. Bf2 Rh1 52. Bg3 Rb1 53. Be5+ Kf7 54. Rb6 Bf6 55. Bd6 Rg1 56. Kf3 Re1 57. Bg3 Rb1 58. Rb7+ Ke8 59. Rb6 Kd7 60. Kf2 Bd8 61. Rb7+ Kc6 62. Rb8 Bb6 63. Rg8 Rxb2+ 64. Kf3 Rb3 65. Be1 Bxd4 66. Rxg5 Bxc3 67. Bxc3 Rxc3+ 68. Kf4 Kd6 69. Rg6 Rc1 70. Rh6 Rf1+ 71. Ke3 Re1+ 72. Kd2 Rg1 73. Rg6 d4 74. Rg8 Rg2+ 75. Kd1 c3 76. g5 Ke7 77. g6 d3 0-1

[Event "Jersey op"]
[Site "St Clement Bay"]
[Date "2013.03.08"]
[Round "4"]
[White "Forbes, Garry"]
[Black "Simons, Martin J"]
[Result "1/2-1/2"]
[WhiteElo "1913"]
[BlackElo "2159"]
[PlyCount "35"]
[EventDate "2013.03.06"]
[EventType "swiss"]
[EventRounds "9"]
[EventCountry "GCI"]
[SourceTitle "CBM 153 Extra"]
[Source "ChessBase"]
[SourceDate "2013.04.22"]
[SourceVersion "1"]
[SourceVersionDate "2013.04.22"]
[SourceQuality "1"]

1. d4 Nf6 2. Nf3 d6 3. Nc3 Bg4 4. e4 e6 5. Be2 Be7 6. 0-0 Nbd7 7. h3 Bh5 8. Nh2 Bg6 9. Bf3 c6 10. a4 0-0 11. g3 Qc7 12. Bg2 Ne8 13. f4 f5 14. e5 dxe5 15. dxe5 Rd8 16. Qe2 Bc5+ 17. Kh1 Qa5 18. Bd2 1/2-1/2

[Event "Jersey op"]
[Site "St Clement Bay"]
[Date "2013.03.07"]
[Round "3"]
[White "Forbes, Garry"]
[Black "Khan, Mohammed"]
[Result "1-0"]
[WhiteElo "1913"]
[BlackElo "2035"]
[PlyCount "113"]
[EventDate "2013.03.06"]
[EventType "swiss"]
[EventRounds "9"]
[EventCountry "GCI"]
[SourceTitle "CBM 153 Extra"]
[Source "ChessBase"]
[SourceDate "2013.04.22"]
[SourceVersion "1"]
[SourceVersionDate "2013.04.22"]
[SourceQuality "1"]

1. d4 Nf6 2. Nf3 g6 3. Nc3 Bg7 4. e4 d6 5. Be3 0-0 6. Qd2 Re8 7. Bh6 Bh8 8. Bc4 e5 9. dxe5 dxe5 10. Qxd8 Rxd8 11. Nxe5 Be6 12. Bxe6 fxe6 13. f4 Nbd7 14. Nxd7 Rxd7 15. h3 Bg7 16. Bxg7 Kxg7 17. Rd1 Rad8 18. Rxd7+ Rxd7 19. Ke2 Nh5 20. Ke3 Rf7 21. Ne2 Rd7 22. Nc3 Ng3 23. Rd1 Rf7 24. Re1 h6 25. Ne2 Nh5 26. Rd1 g5 27. fxg5 hxg5 28. g4 Nf4 29. Nxf4 gxf4+ 30. Kf3 Kg6 31. e5 Kg5 32. Rd8 Rh7 33. Rg8+ Kh4 34. Kxf4 Rf7+ 35. Ke4 Kxh3 36. g5 Kg4 37. g6 Re7 38. g7 b6 39. Ra8 Rxg7 40. Rxa7 Rf7 41. a4 Rf4+ 42. Kd3 Rf3+ 43. Kc4 Rf2 44. Kb3 Rf3+ 45. c3 Rf7 46. a5 bxa5 47. Rxa5 Kf5 48. Rc5 Ke4 49. Kc4 Rd7 50. b4 Rh7 51. Kb5 Rh5 52. Kc6 Rh7 53. Kb7 Rd7 54. Rxc7 Rd5 55. Rc5 Kxe5 56. Kc6 Ke4 57. Rxd5 1-0

[Event "Guernsey op"]
[Site "Grand Havre Bay"]
[Date "2010.10.23"]
[Round "7"]
[White "Forbes, Garry"]
[Black "Chidi, Lovinia Sylvia"]
[Result "1/2-1/2"]
[WhiteElo "1922"]
[BlackElo "1801"]
[PlyCount "45"]
[EventDate "2010.10.17"]
[EventType "swiss"]
[EventRounds "7"]
[EventCountry "GCI"]
[SourceTitle "EXT 2011"]
[Source "ChessBase"]
[SourceDate "2010.11.26"]
[SourceVersion "1"]
[SourceVersionDate "2010.11.26"]
[SourceQuality "1"]

1. d4 d5 2. Nf3 Nf6 3. e3 e6 4. Bd3 c5 5. b3 Nc6 6. 0-0 Bd6 7. Bb2 cxd4 8. exd4 0-0 9. Re1 Bd7 10. a3 Rc8 11. Nbd2 Ng4 12. Ne5 Ngxe5 13. dxe5 Be7 14. Qh5 g6 15. Qh3 f6 16. f4 fxe5 17. fxe5 Bc5+ 18. Kh1 Bf2 19. Rf1 Bd4 20. Bxd4 Nxd4 21. c4 Qe7 22. b4 Qg5 23. Rad1 1/2-1/2

[Event "Guernsey Holiday op"]
[Site "Guernsey"]
[Date "2009.10.22"]
[Round "5"]
[White "Savage, Neil"]
[Black "Forbes, Garry"]
[Result "1/2-1/2"]
[WhiteElo "1335"]
[BlackElo "1691"]
[PlyCount "40"]
[EventDate "2009.10.18"]
[EventType "swiss"]
[EventRounds "7"]
[EventCountry "GCI"]
[SourceTitle "EXT 2015"]
[Source "ChessBase"]
[SourceDate "2014.11.20"]
[SourceVersion "1"]
[SourceVersionDate "2014.11.20"]
[SourceQuality "1"]

1. e4 g6 2. d4 Bg7 3. Nf3 d6 4. Bc4 Nf6 5. Nc3 0-0 6. 0-0 Nxe4 7. Bxf7+ Rxf7 8. Nxe4 d5 9. Neg5 Rf8 10. Re1 Qd6 11. Ne5 Nc6 12. Ngf3 Bf5 13. Nxc6 Qxc6 14. c3 Bg4 15. Ne5 Bxe5 16. Qxg4 Qf6 17. Re2 h5 18. dxe5 Qa6 19. Qg3 Qxe2 20. Qxg6+ Kh8 1/2-1/2

[Event "Perth op"]
[Site "Perth"]
[Date "2009.01.31"]
[Round "2"]
[White "Grant, David"]
[Black "Forbes, Garry"]
[Result "1-0"]
[WhiteElo "1808"]
[BlackElo "1975"]
[PlyCount "59"]
[EventDate "2009.01.30"]
[EventType "swiss"]
[EventRounds "5"]
[EventCountry "SCO"]
[SourceTitle "EXT 2011"]
[Source "ChessBase"]
[SourceDate "2010.11.26"]
[SourceVersion "1"]
[SourceVersionDate "2010.11.26"]
[SourceQuality "1"]

1. d4 g6 2. e4 Bg7 3. f4 d6 4. Nf3 Nf6 5. Bd3 c5 6. d5 0-0 7. 0-0 b5 8. c3 c4 9. Bc2 Qb6+ 10. Kh1 Na6 11. Qe1 Nc5 12. Be3 Bb7 13. b4 cxb3 14. axb3 Qc7 15. b4 Ncd7 16. Nd4 a6 17. Qh4 Bxd5 18. exd5 Nxd5 19. Qe1 Nxe3 20. Qxe3 e5 21. Ne2 f5 22. Bb3+ Kh8 23. Bd5 Ra7 24. Rf3 Nb6 25. Bb3 e4 26. Rh3 Raa8 27. Nd4 Rae8 28. Ne6 Qa7 29. Nxg7 Kxg7 30. Qd4+ 1-0